000 00778nam a2200253Ia 4500
003 OSt
005 20221005112512.0
006 a|||||r|||| 00| 0
007 ta
008 221004b |||||||| |||| 00| 0 pan d
020 _c140
024 _a14994
037 _b898, 01/10/2014, H.K. Prakashan
_cTextual
040 _aCRL
_cCRL
_bpan
041 _2pan
_apan
082 _aO153,1NMOx, P8
100 _aਮੋਹਨ
245 0 _aਵਕਤ ਦੀ ਹੂਕ
260 _aਚੰਡੀਗੜ
_bਲੋਕਗੀਤ ਪ੍ਰਕਾFਨ ਭਾਰਤ
_c2008
300 _a84ਪੰ
_ccm.
650 _aਪੰਜਾਬੀ ਸਾਹਿਤ
942 _hO153,1NMOx, P8
_cTEXL
_2cc
999 _c1025083
_d1025083